| 000 | 03511nam a22003737a 4500 | ||
|---|---|---|---|
| 005 | 2012070400590.0 | ||
| 008 | 101206t xxu||||| |||| 00| 0 hin d | ||
| 010 | _a B-471430-436 | ||
| 020 |
_c325.00 _a9789381067185 |
||
| 035 | _a B-471430-436 | ||
| 037 | _bके.के. पब्लिकेशंस | ||
| 040 |
_aDPL _bHN |
||
| 082 | _a305.56880954 | ||
| 100 |
_924598 _aत्रिपाठी, विनायक |
||
| 245 |
_aदलित महिलाओं के अधिकार / _cविनायक त्रिपाठी |
||
| 246 |
_aDalit Mahilaon ke Adhikar _bby Vinayak Tripathi |
||
| 260 |
_aदिल्ली _bआर्या पब्लिकेशन्स _c2012 |
||
| 270 |
_bदिल्ली _aए-20, गली न.4, हरदेव पुरी,100 फुटा रोड़,पंजाब नैशनल बैंक के सामने _e110093 _k011- 22813582 _maaryapub@yahoo.com |
||
| 300 |
_a144पृ. _c22सेमी (सजिल्द) |
||
| 650 | _91169 | ||
| 650 | _929580 | ||
| 700 | _924599 | ||
| 700 | _924924 | ||
| 942 |
_2ddc _cHN _mत्रिपाठी _h305.56880954 |
||
| 999 |
_c53997 _d53997 |
||